Le migliori nazioni negli sport di squadra. - Statistics

Statistiche generali
  • Questo quiz è stato fatto 571 volte
  • Il punteggio medio è 14 su 20
Statistiche sulle risposte
Calcio Rugby Pallacanestro Palla a mano Pallavolo Nazione Media % Corretto
6 14 10 50 5 Italia 17
99%
3 2 4 3 4 Francia 3,2
96%
1 28 14 24 2 Brasile 13,8
94%
15 18 1 36 6 Stati Uniti 15,2
94%
7 15 2 6 43 Spagna 14,6
92%
4 8 7 25 7 Argentina 10,2
91%
12 31 11 2 14 Germania 14
91%
36 25 15 5 3 Russia 16,8
85%
23 10 38 21 10 Giappone 20,4
80%
42 6 3 35 35 Australia 24,2
76%
8 20 58 33 34 Portogallo 30,6
73%
2 27 37 - 29 Belgio 23,75
69%
26 30 13 12 1 Polonia 16,4
68%
9 44 24 - 19 Messico 24
63%
18 38 50 1 49 Svezia 31,2
58%
25 78 6 7 9 Serbia 25
55%
16 39 21 9 33 Croazia 23,6
47%
65 75 5 17 8 Slovenia 34
38%
10 26 47 44 15 Paesi Bassi 28,4
30%
33 37 12 10 24 Cechia 23,2
11%
Nessun quiz corrispondente trovato
Distribuzione punteggi
Percentuale di utenti per punteggio
Percentile per numero di risposta
I tuoi punteggi nel tempo
Non hai fatto questo quiz